Quantum computing (Record no. 656)

MARC details
000 -LEADER
fixed length control field 00507 a2200169 4500
001 - CONTROL NUMBER
control field 066616
003 - CONTROL NUMBER IDENTIFIER
control field OSt
005 - DATE AND TIME OF LATEST TRANSACTION
control field 20211004153233.0
008 - FIXED-LENGTH DATA ELEMENTS--GENERAL INFORMATION
fixed length control field
082 ## - DEWEY DECIMAL CLASSIFICATION NUMBER
Classification number 004.1
Item number H52Q
100 1# - MAIN ENTRY--PERSONAL NAME
Personal name Hirvensalo, Mika
245 1# - TITLE STATEMENT
Title Quantum computing
Statement of responsibility, etc by Mika Hirvensalo
260 ## - PUBLICATION, DISTRIBUTION, ETC. (IMPRINT)
Place of publication, distribution, etc New York
Name of publisher, distributor, etc Springer
Date of publication, distribution, etc 2001
300 ## - PHYSICAL DESCRIPTION
Extent 190p.
690 ## - LOCAL SUBJECT ADDED ENTRY--TOPICAL TERM (OCLC, RLIN)
Topical term or geographic name as entry element Quantum computers; Quantum computing; Quantum theory; Computer science; Computer science--Mathematics; Computer software
942 ## - ADDED ENTRY ELEMENTS (KOHA)
Source of classification or shelving scheme Dewey Decimal Classification
Koha item type Books
Holdings
Withdrawn status Lost status Source of classification or shelving scheme Damaged status Not for loan Collection code Home library Current library Date acquired Source of acquisition Cost, normal purchase price Full call number Barcode Date last seen Price effective from Koha item type
    Dewey Decimal Classification     General Text Book Central University Of Rajasthan Central University Of Rajasthan 07/03/2012 CSC 2549.00 004.1 H52Q 902 21/11/2024 02/09/2020 Books